مكتبة جامعة عجلون الوطنية

فهرس بحث المكتبة

Normal view MARC view
  • بقلم السقاف، حسن بن علي

Entry Personal Name

Number of records used in: 1

001 - CONTROL NUMBER

  • control field: 41169

003 - CONTROL NUMBER IDENTIFIER

  • control field: JO-AjAnu

005 - DATE AND TIME OF LATEST TRANSACTION

  • control field: 20230606080835.0

008 - FIXED-LENGTH DATA ELEMENTS

  • fixed length control field: 230606|| aca||aabn | a|a d

040 ## - CATALOGING SOURCE

  • Original cataloging agency: JO-AjAnu
  • Transcribing agency: JO-AjAnu

100 ## - HEADING--PERSONAL NAME

  • Personal name: بقلم السقاف، حسن بن علي

670 ## - SOURCE DATA FOUND

  • Source citation: Work cat.: (JO-AjAnu)21099: بقلم السقاف، حسن بن علي, author, قاموس (!!) شتائم الألباني وألفاظه المنكرة التي يطلقها في حق علماء الأمة وفضلائها وغيرهم ويليه الرد على " الأنوار الكاسفة " المسمى: البراهين الناسفة للأنوار الكاسفة ويلي هذا أيضا الرد الثاني على "اليقاف المسمى: الملاحق الماحق المنقض على إيقاف الزاهق